| 000 | 01067cam a22001814a 4500 | ||
|---|---|---|---|
| 005 | 20250605163350.0 | ||
| 008 | 250528s ||||||||||||||||||||||||d | ||
| 035 | _a17676 | ||
| 020 | _a9786185112134 | ||
| 040 |
_aGR-AtMCL _bgre _dGR-AtMCL _eAACR2 |
||
| 245 | 1 | _aΦθηνές Διακοπές από το Διαδίκτυο / Sites Σύγκρισης Τιμών, Εισιτήρια & Ξενοδοχεία, Οδηγοί Πόλεων, Γνώμες Κοινού. | |
| 260 |
_bDigerati, _c2014 |
||
| 300 | _a98 | ||
| 520 | _aΜε αυτό το βιβλίο μπορείτε να ενημερωθείτε πως το Internet μπορεί να αποδειχθεί πολύτιμος συνεργάτης σας κατά την προετοιμασία των διακοπών σας. Εισαγωγή, Που θα Πάμε Διακοπές, Πώς θα Πάμε, Που θα Μείνουμε, Τι θα Κάνουμε Εκεί που θα Πάμε, Οι Καλύτερες Εφαρμογές για Smartphones. | ||
| 942 | _cBK | ||
| 999 |
_c3078 _d3078 |
||